000 00292nam a22001337a 4500
008 170830b xxu||||| |||| 00| 0 eng d
020 _a9780312440886
041 _aeng
080 _a070
100 _a39
101 _aMED
245 _aFOCUS ON WRITING
_cKIRSZNER.L.O
942 _2udc
_cBK
999 _c25546
_d25546